Power Tool Brands - Statistics

General Stats
  • This quiz has been taken 336 times
  • The average score is 4 of 12
Answer Stats
Hint Answer % Correct
Named for the city in Wisconsin where it was founded. Milwaukee
76%
Named after de founder who invented a power saw over 100 years ago. DeWalt
65%
Founded by two men whose names are synonyms for "dark" and "one who decorates a Christmas tree." Black and Decker
51%
Japanese engineering, popular with DIY enthusiasts. Usually bright green. Ryobi
49%
Generally teal coloured Japanese brand Makita
46%
Over 130 years old, named for a German Robert. Bosch
42%
Famous for its range of saws which allow the user to be skilful. Skil
32%
Another German brand, specializing in garden/forestry tools. Distinctive orange colour scheme, still owned by the founding family. Stihl
30%
Swedish company that specializes in garden tools. Dating back to the 17th century, it was originally a state-owned rifle manufacturer. Husqvarna
15%
One of the largest companies in Liechtenstein. Renowned for quality. Hilti
12%
German brand, especially well known for carpentry and wood-working tools. Founded by Fezer and Stoll. Festool
9%
Japanese brand formerly known as Hitachi Hikoki
4%
No matching quizzes found
Score Distribution
Percent of People with Each Score
Percentile by Number Answered
Your Score History
You have not taken this quiz